Türk Ceza Kanunu (Record no. 4027)

MARC details
000 -BAŞLIK
Sabit Uzunlukta Kontrol Alanı 00625na a2200241 4500
001 - KONTROL NUMARASI
Denetim Alanı 17349
003 - KONTROL NUMARASI IDENTIFIER
Denetim Alanı MIRAKIL
005 - SON İŞLEM TARİHİ VE ZAMANI
Denetim Alanı 20181213154951.0
008 - SABİT-BOY VERİ ELEMANLARI - GENEL BİLGİLER
Sabit Uzunlukta Kontrol Alanı 161024b tu 000 0
020 ## - ULUSLARARASI STANDART KİTAP NUMARASI
Uluslararası Standart Kitap Numarası 9753470312
040 ## - KATALOGLAMA KAYNAK
Orijinal Kataloglama Ajansı Milas
Kataloglama Dili tur
Metne Dönüştürmek Ajansı TR-AnCHP
041 ## - DİL KODU
Metin / Ses Parça Veya Ayrı Başlığın Dil Kodu tur
082 ## - DEWEY ONLU SINIFLANDIRMA NUMARASI
Sınıflandırma Numarası 345.02632
Ürün Numarası T96 1999
090 ## - SINIFLAMA NUMARASI
Sınıflama Numarası 345.02632 T96 1999
245 ## - BAŞLIK TABLOSU
Başlık Türk Ceza Kanunu
250 ## - EDITION TABLOSU
Baskı Beyanı 7. bs.
260 ## - YAYIN, DAĞITIM, VB
Yayın, Dağıtım, Vb Yeri Ankara
Yayıncı, Dağıtıcı, Vs Adı Seçkin
Yayın, Dağıtım, Vb Tarihi 1999
300 ## - FİZİKSEL TANIM
Kapsam 301 s.
Boyutlar 14 sm.
490 ## - SERİSİ TABLOSU
Seri Beyanı Kanun Metinleri serisi
Hacim / Ardışık Tanımı 2
650 ## - KONU KATMA GİRİŞ - TOPİKAL DÖNEM
Topikal Süreli Veya Coğrafi Ad Giriş Elemanı Ceza hukuku
Genel Alt Bölümü Kanunlar
Coğrafi Alt Bölümü Türkiye
651 ## - KONU KATMA GİRİŞ - COĞRAFİ ADI
Coğrafi İsim Türkiye
Genel Alt Bölümü Türk Ceza Kanunu (TCK), 1926
942 ## - EKLENDİ GİRİŞ ELEMANLARI (KOHA)
Sınıflandırma Veya Raf Düzeni Kaynak Dewey Decimal Classification
Koha Öğesi Türü Books
999 ## - SİSTEM KONTROL NUMARALARI (KOHA)
Koha Biblionumber 4027
Koha Biblioitemnumber 4027
Holdings
Kalıcı Konum Mevcut Konum Edinme Tarihi Edinim Kaynak Toplam Check-Out'Lar Tam Çağrı Numarası Barkod Tarih Son Görülme İtibaren Geçerli Fiyatlar Koha Öğesi Türü Kopya Sayısı
CHP Kütüphanesi CHP Kütüphanesi 10/24/2016 Bağış   345.02632 T96 1999 008108 10/24/2016 10/24/2016 Books  
CHP Kütüphanesi CHP Kütüphanesi 10/24/2016 Bağış   345.02632 T96 1999 008109 10/24/2016 10/24/2016 Books k.2